000 00629nam a2200193Ia 4500
005 20250326145405.0
008 250326s9999 xx 000 0 und d
037 _aTextbook
040 _aFMSL
_beng
_cFMSL
041 _aeng
_2eng
084 _aX:77:(G:55).2 Q1
_qFMSL
100 _aJain R B
245 0 _aInduced development to good goverce: paradigm shift in the concept of developement administration in the new millennium
_cJain R B; Jain A
260 _aNew Delhi
_bNew Delhi, Deep & Deep
_c2011
365 _b480
650 _aManagement
942 _cTB
_hX:77:(G:55).2 Q1
999 _c1307421
_d1307421